000 01511nam a2200337 4500
001 179236
003 ES-MaACL
005 20251204171333.0
008 111011s2010 sp acop |||| |dspa d
020 _a978-84-00-09148-4
080 _a929-054.7(=1.460:100)"1939/75"
080 _a929-054.7(=1.460:100):008
080 _a7.036(460)
080 _a821.134.2.09"19"
245 0 0 _aAnalogías en el arte, la literatura y el pensamiento del exilio español de 1939 /
_cMiguel Cabañas Bravo, Dolores Fernández Martínez, Noemi de Haro García, Idoia Murga Castro (coordinadores).
260 _aMadrid :
_bGrupo de Investigación de Historia del Arte, Imagen y Patrimonio Artístico, Consejo Superior de Investigación Científicas,
_c2010.
300 _a371 p. :
_bil., fot. ;
_c28 cm.
490 1 _aBiblioteca de historia del arte ;
_v18
500 _aÍndice onomástico.
504 _aReferencias bibliográficas.
650 0 7 _aExiliados españoles-
_y1939-1975.
_912658
650 7 _aExiliados españoles-
_xVida intelectual.
_9143431
650 0 7 _aArte español-
_yS.XX.
_910202
650 7 _aLiteratura española-
_xAutores exiliados-
_xHistoria y crítica.
_914552
700 1 _aCabañas Bravo, Miguel,
_d1963-
_9173882
710 2 _aConsejo Superior de Investigaciones Científicas (España)
_93236
830 0 _aBiblioteca de historia del arte ;
_v18
_9191071
852 _aES-MaACL
_jA-11616
_9186116
_bR.146581
_cDEPO1
_dOlim: N-4621
942 _2udc
_cMONOGRAFIA
999 _c179236
_d179236